| 000 | 00000nam 2200000zi 4500 |
| 001 | 9.940725 |
| 003 | CaOODSP |
| 005 | 20250228110505 |
| 006 | m o d f |
| 007 | cr mn||||||||| |
| 008 | 240718s2024 onca o f000 0 eng d |
| 020 | |a9780660728421 |
| 040 | |aCaOODSP|beng|erda|cCaOODSP |
| 043 | |an-cn--- |
| 045 | |ay2y2 |
| 086 | 1 |aD96-17/2024E-PDF |
| 245 | 00|aGet Cyber Safe awareness tracking survey : |b2024 final report / |cprepared for the Communications Security Establishment. |
| 246 | 3 |aGet Cyber Safe awareness tracking survey |
| 246 | 3 |aGet Cyber Safe awareness tracking survey : |b2024 |
| 264 | 1|a[Ottawa] : |bGovernment of Canada = Gouvernement du Canada, |c2024. |
| 300 | |a1 online resource (69 pages) : |bcolour illustrations + |esummary (7 pages) |
| 336 | |atext|btxt|2rdacontent |
| 337 | |acomputer|bc|2rdamedia |
| 338 | |aonline resource|bcr|2rdacarrier |
| 500 | |aIssued also in French under title: Sondage de suivi sur la connaissance de la campagne Pensez cybersécurité : rapport final de 2024. |
| 500 | |a"Unclassified." |
| 500 | |a"Supplier name: Phoenix Strategic Perspectives Inc." |
| 500 | |a"Contract number: CW2346933." |
| 500 | |a"Delivery date: 2024-03-31." |
| 500 | |a"Registration number: POR # 119-23." |
| 650 | 0|aComputer security|zCanada|xPublic opinion. |
| 650 | 0|aComputer security|zCanada|xInformation resources|xPublic opinion. |
| 650 | 0|aComputer crimes|zCanada|xPublic opinion. |
| 650 | 0|aPublic opinion|zCanada. |
| 710 | 2 |aCommunications Security Establishment (Canada), |eissuing body. |
| 710 | 2 |aPhoenix Strategic Perspectives Inc., |econsultant. |
| 775 | 08|tSondage de suivi sur la connaissance de la campagne Pensez cybersécurité : |w(CaOODSP)9.940726 |
| 795 | |tGet cyber safe awareness tracking survey : |w(CaOODSP)9.909346 |
| 856 | 40|qPDF|s3.58 MB|uhttps://publications.gc.ca/collections/collection_2024/cstc-csec/D96-17-2024-eng.pdf|z(final report) |
| 856 | 40|qPDF|s285 KB|uhttps://publications.gc.ca/collections/collection_2024/cstc-csec/D96-17-2024-1-eng.pdf|z(executive summary) |
| 856 | 4 |qHTML|sN/A|uhttps://epe.bac-lac.gc.ca/100/200/301/pwgsc-tpsgc/por-ef/communications_security_establishment/2024/119-23-e/119-23-report.html|z(final report) |
| 856 | 4 |qHTML|sN/A|uhttps://epe.bac-lac.gc.ca/100/200/301/pwgsc-tpsgc/por-ef/communications_security_establishment/2024/119-23-e/summary/119-23-summary.html|z(executive summary) |
| 856 | 4 |qHTML|sN/A|uhttps://epe.bac-lac.gc.ca/100/200/301/pwgsc-tpsgc/por-ef/communications_security_establishment/2024/119-23-e/index.html|z(complete dataset) |